Statistics for Transformers: More Than Meets The Eye Characters Quiz (mild spoilers)

Click here to take the quiz!

General Stats

  • This quiz has been taken 217 times
  • The average score is 40 of 60

Answer Stats

HintAnswer% Correct
Chief medical officerRatchet
98%
CaptainRodimus
96%
First OfficerUltra Magnus
96%
ArchivistRewind
93%
PsychiatristRung
93%
MnemosurgeonChromedome
92%
Co-captainMegatron
92%
AmnesiacSkids
92%
BartenderSwerve
92%
Third-in-commandDrift
91%
DJD's leaderTarn
91%
Weapons engineerBrainstorm
90%
"Bomb disposal"Tailgate
90%
Ex-wreckerWhirl
90%
Broody warriorCyclonus
89%
Director of securityRed Alert
87%
Chief medical officer-in-trainingFirst Aid
86%
Brain-damaged DinobotGrimlock
86%
Co-captain's catRavage
85%
EscapologistGetaway
83%
Quantum engineerNautica
83%
Phase sixerOverlord
82%
Prison wardenFortress Maximus
76%
Can't shoot straightMisfire
75%
Turns into an electric chairKaon
74%
Likes a drinkTrailbreaker
74%
Has a removable faceVos
72%
Doctor (who failed her exams nine times)Velocity
70%
Pet of aboveDominus Ambus
69%
DJD's medicNickel
69%
DetectiveNightbeat
68%
BouncerTen
68%
The Greatest Autobot of All TimeThunderclash
68%
Command crewPerceptor
66%
"Vertically"Pharma
65%
Turns into a bombFulcrum
64%
Likes clickingKrok
63%
Unhappy pilotCrankcase
61%
Unlucky explorerPipes
61%
Dim-witted surgeonSpinister
57%
"A living legend"Ambulon
56%
Treasure hunterLug
56%
Has a smelting poolHelex
55%
Treasure hunterAnode
54%
Pious bad liarFlywheels
54%
"Boaty McBoatface"Riptide
51%
Has a shredderTesarus
51%
Serial killerSunder
49%
PsychopathologistFroid
46%
Father of the FirstbornScorponok
44%
Command crewHound
43%
Former interior designerAtomizer
41%
"Fully deserved"Chief Justice Tyrest
40%
Command crewBlaster
39%
Not TarnRoller
37%
"Smite the abomination"Star Saber
36%
Command crewMainframe
31%
Likes gamblingJackpot
30%
Above's second-in-commandFlame
27%
BlacksmithWipe-Out
13%

Score Distribution

Percentile by Number Answered

Percent of People with Each Score

Your Score History

You have not taken this quiz